000 00794nam a22002537a 4500
003 DO-SdBNP
005 20221103152741.0
007 ta
008 221103b2019 dr a|||| |||| 00| 0 spa d
020 _a9789945580808
040 _aDO-SdBNP
_bspa
_cBNPHU
082 4 _222
100 1 _aNúñez García, Jhairo
_982691
245 1 _aIntroducción a la psicoterapia /
_cJhairo Núñez García ; editor Lennys Tejada ; corrección Luisa Hernández
260 _aSanto Domingo :
_bUAPA,
_c2019.
300 _a259 p. :
_bil. ;
_c27 cm.
490 1 _aAutoaprendizaje
_v9
590 _aInventariado, 2022/BT
700 1 _aTejada Betancourt, Lennys,
_eed.
_979591
700 1 _aHernández, Luisa,
_ecorrec.
_966105
830 0 _aAutoaprendizaje
_n9
_982692
910 _aBtavárez
942 _2ddc
_cLBS1
999 _c52779
_d52779